000 00449nam a2200193Ia 4500
003 0100
008 130303s9999 xx 000 0 und d
040 _cARRUPELIB
050 _aBL1202.K481993
100 _aKinsley, David R
245 _aHinduism
245 _bA Cultural Perspective
250 _asecond edition
260 _aEnglewood cliffs, New Jersey
260 _bPrentice Hall Inc
260 _C1993
300 _a202p
942 0 0 _02
999 _c19056
_d19056